Państwa w Unii Europejskiej - Statystyki

Ogólne statystyki
  • Ten quiz został rozwiązany 29 razy
  • Średni wynik to 4 z 16
Answers on the Grid
Answers color-coded by a green-red scale on the quiz's grid according to % correct below.
Antwerpia
Nowy Jork
Kuwejt
Kano
Kuching
Las Palmas
Utrecht
Vigo
Sanniki
Apatou
Maturin
Glasgow
Manchester
Nantes
Konstancja
Płowdiw
Bielefeld
Galati
Rypin
Churibka
Antananarywa
Saint-Paul
Montevideo
Katowice
Tampere
Goteborg
Ostrów Wielkopolski
Calgary
Saint Louis
Lublana
 
Statystyki odpowiedzi
Odpowiedź % Poprawnych
Katowice
63%
Ostrów Wielkopolski
63%
Lublana
53%
Antwerpia
47%
Goteborg
26%
Las Palmas
26%
Rypin
26%
Utrecht
26%
Vigo
26%
Nantes
21%
Płowdiw
16%
Bielefeld
11%
Konstancja
11%
Sanniki
11%
Tampere
5%
Galati
0%
Nie znaleziono quizów pasujących do podanych kryteriów
Rozkład punktacji
Procent ludzi z każdym wynikiem
Percentyl według liczby udzielonych odpowiedzi
Twoja historia wyników
Nie rozwiązałeś tego quizu